Statistics for Game of Thrones Characters with Most Lines (All Seasons)

Click here to take the quiz!

General Stats

  • This quiz has been taken 179 times
  • The average score is 48 of 75

Answer Stats

# of Lines# of EpisodesCharacter% Correct
1,36562Jon Snow
96%
1,86367Tyrion Lannister
96%
95759Arya Stark
95%
90359Sansa Stark
95%
1,03562Cersei Lannister
94%
1,01655Jaime Lannister
90%
3419Ned Stark
90%
39840Bran Stark
89%
35526Tywin Lannister
89%
1,08962Daenerys Targaryen
88%
25026Joffrey Baratheon
88%
31623Robb Stark
85%
43230Sandor Clegane
85%
50152Jorah Mormont
84%
64348Samwell Tarly
83%
43645Varys
83%
48941Petyr Baelish
81%
29825Catelyn Stark
79%
30124Stannis Baratheon
79%
54247Theon Greyjoy
79%
44341Brienne of Tarth
78%
1177Robert Baratheon
78%
12216Tommen Baratheon
78%
16129Greyworm
75%
28726Margaery Tyrell
75%
20537Missandei
74%
43237Bronn
73%
24929Melisandre
73%
26620Ramsay Bolton
73%
439Khal Drogo
72%
19618Olenna Tyrell
72%
55542Davos Seaworth
70%
878Renly Baratheon
70%
1297Oberyn Martell
69%
10313Roose Bolton
68%
15917Ygritte
68%
14914Yara Greyjoy
64%
666Hodor
63%
18818Shae
63%
20225Gilly
62%
12822Grand Maester Pycelle
62%
31033Tormund Giantsbane
62%
705Viserys Targaryen
62%
738Jeor Mormont
60%
22322Gendry
58%
617Ellaria Sand
57%
1299Euron Greyjoy
57%
16826Podrick Payne
57%
12613Daario Naharis
56%
6612Barristan Selmy
54%
11728Eddison Tollett
54%
765Lysa Arryn
54%
8714Maester Luwin
52%
11513Meera Reed
51%
9410Osha
51%
8010Jojen Reed
49%
628Lancel Lannister
49%
879Alliser Thorne
44%
414Edmure Tully
44%
7212Grenn
44%
407Lyanna Mormont
44%
11417Jaqen H'ghar
43%
9515Qyburn
43%
565Shireen Baratheon
43%
508Hot Pie
42%
14112The High Sparrow
42%
11712Beric Dondarrion
41%
1009Thoros of Myr
40%
568Janos Slynt
35%
6510Ros
35%
10411Talisa Stark
28%
7311The Waif
28%
668Locke
20%
576Hizdahr zo Loraq
16%
557Septa Unella
16%

Score Distribution

Percentile by Number Answered

Percent of People with Each Score

Your Score History

You have not taken this quiz